Countries with Highest percentage of HIV AIDS - Statistics

General Stats
  • This quiz has been taken 232 times
  • The average score is 14 of 20
Answer Stats
% Country % Correct
18.92 South Africa
96%
3.17 Nigeria
88%
23.39 Lesotho
85%
16.74 Zimbabwe
85%
15.97 Namibia
84%
12.37 Zambia
84%
5.30 Kenya
83%
10.58 Mozambique
83%
25.16 Botswana
80%
6.80 Uganda
80%
5.34 Tanzania
79%
10.04 Malawi
74%
28.80 Swaziland
71%
4.77 Cameroon
68%
4.25 Central African Republic
67%
3.91 Gabon
65%
3.46 Cote d'Ivoire
59%
6.16 Equatorial Guinea
58%
3.69 Guinea Bissau
46%
3.22 Bahamas
8%
No matching quizzes found
Score Distribution
Percent of People with Each Score
Percentile by Number Answered
Your Score History
You have not taken this quiz